[Event "Senta op 20th"]
[Site "Senta"]
[Date "2016.07.26"]
[Round "6"]
[White "Petrovic, Marija V"]
[Black "Soklovacki, Mila"]
[Result "1/2-1/2"]
[WhiteElo "1572"]
[BlackElo "1791"]
[PlyCount "38"]
[EventDate "2016.07.22"]
[EventType "swiss"]
[EventRounds "9"]
[EventCountry "SRB"]
[SourceTitle "EXT 2017"]
[Source "ChessBase"]
[SourceDate "2016.10.25"]
[SourceVersion "1"]
[SourceVersionDate "2016.10.25"]
[SourceQuality "1"]

1. e4 c5 2. Nf3 Nc6 3. d4 cxd4 4. Nxd4 e5 5. Nb5 a6 6. Nd6+ Bxd6 7. Qxd6 Qe7 8. Qxe7+ Ngxe7 9. Nc3 Nb4 10. Kd1 d6 11. a3 Nbc6 12. Bc4 Nd4 13. Ne2 Nxe2 14. Kxe2 b5 15. Bb3 Bb7 16. f3 d5 17. exd5 Nxd5 18. Rd1 Rd8 19. Kf2 0-0 1/2-1/2

[Event "Senta op 20th"]
[Site "Senta"]
[Date "2016.07.22"]
[Round "1"]
[White "Kecskemeti, Arpad"]
[Black "Petrovic, Marija V"]
[Result "1-0"]
[WhiteElo "2120"]
[BlackElo "1572"]
[PlyCount "57"]
[EventDate "2016.07.22"]
[EventType "swiss"]
[EventRounds "9"]
[EventCountry "SRB"]
[SourceTitle "EXT 2017"]
[Source "ChessBase"]
[SourceDate "2016.10.25"]
[SourceVersion "1"]
[SourceVersionDate "2016.10.25"]
[SourceQuality "1"]

1. e4 c5 2. Nf3 e6 3. d4 cxd4 4. Nxd4 a6 5. c4 Qc7 6. Be3 b6 7. Bd3 Nf6 8. 0-0 Bb7 9. Nc3 d6 10. Rc1 Be7 11. h3 0-0 12. g4 Nbd7 13. g5 Ne8 14. f4 Nc5 15. b4 Nxd3 16. Qxd3 Qd7 17. a3 e5 18. Nf5 exf4 19. Bxf4 Qd8 20. h4 Qd7 21. Nd5 Bxd5 22. cxd5 f6 23. Rc2 fxg5 24. hxg5 Qd8 25. Qg3 g6 26. Nh6+ Kg7 27. Bc1 Rxf1+ 28. Kxf1 Nc7 29. Qc3+ 1-0

[Event "SRB-ch U14 Girls"]
[Site "Kragujevac"]
[Date "2016.05.04"]
[Round "4"]
[White "Petrovic, Marija V"]
[Black "Jujic, Petra"]
[Result "0-1"]
[WhiteElo "1515"]
[BlackElo "1647"]
[PlyCount "40"]
[EventDate "2016.05.02"]
[EventType "swiss"]
[EventRounds "9"]
[EventCountry "SRB"]
[SourceTitle "CBM 172 Extra"]
[Source "ChessBase"]
[SourceDate "2016.06.21"]
[SourceVersion "1"]
[SourceVersionDate "2016.06.21"]
[SourceQuality "1"]

1. e4 e5 2. Nf3 Nc6 3. Bb5 Nf6 4. d3 Ne7 5. Nxe5 c6 6. Bc4 Qa5+ 7. Nc3 Qxe5 8. 0-0 Qc7 9. Qf3 Ng6 10. Bg5 Be7 11. Be3 0-0 12. Qd1 Rd8 13. Ne2 d5 14. exd5 cxd5 15. Bb3 Be6 16. Nd4 Qe5 17. Qd2 a5 18. a3 Bd6 19. Nf3 Qh5 20. Qe2 Bg4 0-1

[Event "SRB-ch U12 Girls"]
[Site "Vrbas"]
[Date "2015.04.12"]
[Round "5"]
[White "Petrovic, Marija V"]
[Black "Srdanovic, Jovana"]
[Result "0-1"]
[WhiteElo "1437"]
[BlackElo "1664"]
[PlyCount "104"]
[EventDate "2015.04.09"]
[EventType "swiss"]
[EventRounds "9"]
[EventCountry "SRB"]
[SourceTitle "EXT 2016"]
[Source "ChessBase"]
[SourceDate "2015.10.08"]
[SourceVersion "1"]
[SourceVersionDate "2015.10.08"]
[SourceQuality "1"]

1. e4 c5 2. Nf3 d6 3. d4 cxd4 4. Nxd4 Nf6 5. Nc3 a6 6. g3 Nc6 7. Nde2 e6 8. Bg2 Be7 9. 0-0 0-0 10. h3 Qc7 11. g4 b5 12. a3 Bb7 13. Ng3 Rfd8 14. Kh1 Na5 15. Qe2 Nc4 16. f4 d5 17. e5 Nd7 18. g5 Ndb6 19. h4 Nxa3 20. bxa3 Qxc3 21. Be3 Nc4 22. Bf2 Nxa3 23. Rac1 Qc7 24. Bd4 Bc5 25. Bxc5 Qxc5 26. f5 Qc4 27. Qxc4 Nxc4 28. fxe6 fxe6 29. Rce1 Rf8 30. Nh5 Rxf1+ 31. Bxf1 Rf8 32. Bh3 d4+ 33. Kg1 Bd5 34. Rd1 Bf3 35. Bxe6+ Kh8 36. Rf1 Nxe5 37. Ng3 Re8 38. Bf7 Rc8 39. Bb3 Bb7 40. Be6 Re8 41. Bf7 Rf8 42. Bb3 Nf3+ 43. Rxf3 Rxf3 44. Ne2 d3 45. cxd3 Rxd3 46. Bc2 Rd2 47. Nf4 Rxc2 48. g6 Rc4 49. Ne6 Rg4+ 50. Kf2 hxg6 51. Ng5 Rxg5 52. hxg5 b4 0-1

[Event "SRB-ch U18 Girls"]
[Site "Pozarevac"]
[Date "2015.01.12"]
[Round "6"]
[White "Milosevic, Milica"]
[Black "Petrovic, Marija V"]
[Result "0-1"]
[WhiteElo "1607"]
[BlackElo "1409"]
[PlyCount "74"]
[EventDate "2015.01.09"]
[EventType "swiss"]
[EventRounds "9"]
[EventCountry "SRB"]
[SourceTitle "EXT 2016"]
[Source "ChessBase"]
[SourceDate "2015.10.08"]
[SourceVersion "1"]
[SourceVersionDate "2015.10.08"]
[SourceQuality "1"]

1. d4 d5 2. Nf3 Nf6 3. c4 e6 4. e3 a6 5. b3 Be7 6. Nc3 Nbd7 7. Bd3 0-0 8. 0-0 b6 9. Bb2 Bb7 10. Rc1 Rc8 11. Qe2 c5 12. Rfd1 Qc7 13. cxd5 exd5 14. Bxa6 Bxa6 15. Qxa6 Ra8 16. Qe2 Qb7 17. Qd3 Ne4 18. dxc5 Nxc3 19. Bxc3 Nxc5 20. Qc2 Rfd8 21. Qb2 Ne6 22. Rd2 Ba3 23. Qb1 Bxc1 24. Qxc1 Rac8 25. Qb2 f6 26. h3 Rc7 27. Rd3 Nc5 28. Rd1 Rdc8 29. Bb4 Ne6 30. Rd2 Rc1+ 31. Kh2 Qc7+ 32. g3 Rc2 33. Qa3 Rc1 34. Rxd5 Qc2 35. Rd2 Qb1 36. Rd7 Rh1+ 37. Kg2 Qf1# 0-1

[Event "SRB-ch U18 Girls"]
[Site "Pozarevac"]
[Date "2015.01.11"]
[Round "4"]
[White "Petrovic, Tamara"]
[Black "Petrovic, Marija V"]
[Result "1-0"]
[WhiteElo "1726"]
[BlackElo "1409"]
[PlyCount "93"]
[EventDate "2015.01.09"]
[EventType "swiss"]
[EventRounds "9"]
[EventCountry "SRB"]
[SourceTitle "EXT 2016"]
[Source "ChessBase"]
[SourceDate "2015.10.08"]
[SourceVersion "1"]
[SourceVersionDate "2015.10.08"]
[SourceQuality "1"]

1. Nf3 Nf6 2. c4 g6 3. Nc3 Bg7 4. e4 d6 5. d4 Nc6 6. Be2 0-0 7. 0-0 b6 8. d5 Nb4 9. a3 Na6 10. Qc2 Bb7 11. Nd2 c6 12. Rb1 Re8 13. b4 Nc7 14. Nb3 e6 15. dxc6 Bxc6 16. Rd1 Qe7 17. Bf4 e5 18. Bg5 Ne6 19. Be3 Qc7 20. Rbc1 Rad8 21. f3 Qb7 22. Rd2 Qa6 23. b5 Qb7 24. bxc6 Qxc6 25. Rcd1 Re7 26. a4 Nc7 27. a5 Na6 28. Nb5 Red7 29. Nxa7 Rxa7 30. Bxb6 Bh6 31. Bxd8 Bxd2 32. Qxd2 Nh5 33. Qxd6 Qxd6 34. Rxd6 Rb7 35. Bb6 Nf4 36. Bf1 Nb4 37. Nc5 Re7 38. a6 Nxa6 39. Nxa6 Rb7 40. c5 Ne6 41. Bc4 Nf8 42. Bd5 Re7 43. c6 Re8 44. c7 Rc8 45. Bb7 Rxc7 46. Bxc7 Ne6 47. Bd8 1-0